000
00205 a2200097 4500
001
7695
100
_a
Lamont,HRL
245
_a
Wave guides
260
_a
Methun
_b
Academic Press
_c
1963
090
_c
6157
_d
6157
942
_a
NUST-CAE
_c
M
_c
32664
999
_c
242768
_d
242768